00613nam a22001697a 4500003000900000008004100009020001800050040007100068082002700139100002500166245007600191260002900267300005900296650003200355650001300387700004300400AR-CdUCM190423b ||||| |||| 00| 0 spa d a9786123210045 aMUNICIPALIDAD PROVINCIAL DEL CUSCOcBIBLIOTECA MUNICIPAL DEL CUSCO aEP/869.56/B359CbB359C aBedoya, Rosa María aEl capitán Fush /cRosa María Bedoya ; ilustraciones, Alex Landauro aLima :bLoqueleo,c2019. a93, [2] páginas. :bilustraciones en color ;c23 cm. aCuentos infantiles peruanos aSiglo XX aLandauro Barrenechea, Alexeilustrador